Master Plan Kulim Hi-Tech Industrial Park (Record no. 85157)

MARC details
000 -LEADER
fixed length control field 00636nam a2200217 i 4500
001 - CONTROL NUMBER
control field C2-0278161
003 - CONTROL NUMBER IDENTIFIER
control field PPAK
005 - DATE AND TIME OF LATEST TRANSACTION
control field 20180728005911.0
008 - FIXED-LENGTH DATA ELEMENTS--GENERAL INFORMATION
fixed length control field 070222s xx a|||| ||||| | eng d
040 ## - CATALOGING SOURCE
Original cataloging agency PPAK
Language of cataloging eng
Transcribing agency PPAK
Description conventions rda
082 04 - DEWEY DECIMAL CLASSIFICATION NUMBER
Classification number 711.4
Edition number 23
090 00 - LOCALLY ASSIGNED LC-TYPE CALL NUMBER (OCLC); LOCAL CALL NUMBER (RLIN)
Classification number (OCLC) (R) ; Classification number, CALL (RLIN) (NR) 711.4
Feature heading KED
Feature heading KK
100 0# - MAIN ENTRY--PERSONAL NAME
Personal name Kedah State Development Corporation,
Relator term author
245 10 - TITLE STATEMENT
Title Master Plan Kulim Hi-Tech Industrial Park
Remainder of title Supporting technical appendices
300 ## - PHYSICAL DESCRIPTION
Extent 330 pages :
Other physical details illustrations ;
Dimensions 30 cm
336 ## - CONTENT TYPE
Source rdacontent
Content type term text
337 ## - MEDIA TYPE
Source rdamedia
Media type term unmediated
338 ## - CARRIER TYPE
Source rdacarrier
Carrier type term volume
650 10 - SUBJECT ADDED ENTRY--TOPICAL TERM
Topical term or geographic name entry element City planning
942 ## - ADDED ENTRY ELEMENTS (KOHA)
-- dc
Koha item type Book
Holdings
Withdrawn Not for loan Current library Shelving location Date acquired Full call number Barcode Date last seen Koha item type
  Not For Loan Perpustakaan Alor Setar Koleksi Kedah 19/02/2009 KK 711.4 KED A00362485 09/05/2018 Book
  Not For Loan Perpustakaan Kulim Koleksi Kedah 22/02/2007 KK 711.4 KED A00158645 09/05/2018 Book
  Not For Loan Perpustakaan Kulim Koleksi Kedah 22/02/2007 KK 711.4 KED A00158644 09/05/2018 Book